Nondiscrimination rules and the distribution of fringe benefit (Registro nro. 33413)

Detalles MARC
000 -LEADER
fixed length control field 00424 a2200133 4500
001 - CONTROL NUMBER
control field ART_43593
005 - DATE AND TIME OF LATEST TRANSACTION
control field 20260410162024.0
008 - FIXED-LENGTH DATA ELEMENTS--GENERAL INFORMATION
fixed length control field 260409a
100 1# - MAIN ENTRY--PERSONAL NAME
Personal name Carrington, William J.
245 10 - TITLE STATEMENT
Title Nondiscrimination rules and the distribution of fringe benefit
700 1# - ADDED ENTRY--PERSONAL NAME
Personal name McCue, Kristin
700 1# - ADDED ENTRY--PERSONAL NAME
Personal name Pierce, Brooks
773 0# - HOST ITEM ENTRY
Title Journal of labor economics
Related parts - Vol. 20, Nº 2/2 (abr. 2002)
Record control number REV43438

No hay ítems disponibles.